000 00421cam a2200145 4500500
005 20251012021534.0
041 _afre
042 _adc
100 1 0 _aRoullière, Yves
_eauthor
245 0 0 _aIl les écoutait
260 _c2022.
500 _a81
786 0 _nChristus | º275 | 3 | 2022-07-01 | p. 76-77 | 0009-5834
856 4 1 _uhttps://shs.cairn.info/revue-christus-2022-3-page-76?lang=fr&redirect-ssocas=7080
999 _c1538676
_d1538676